Welcome to CU Library Online Public Access Catalogue (OPAC)

Your guide to college success : (Record no. 5154)

MARC details
000 -LEADER
fixed length control field 01044cam a2200241 a 4500
001 - CONTROL NUMBER
control field 12971711
005 - DATE AND TIME OF LATEST TRANSACTION
control field 20250324194545.0
008 - FIXED-LENGTH DATA ELEMENTS--GENERAL INFORMATION
fixed length control field 021017s2004 caua bf 001 0 eng
020 ## - INTERNATIONAL STANDARD BOOK NUMBER
International Standard Book Number 0534608043
050 00 - LIBRARY OF CONGRESS CALL NUMBER
Classification number LB2343.32
Item number .S26 2004
082 00 - DEWEY DECIMAL CLASSIFICATION NUMBER
Classification number 378.1/98
Edition information 21
100 1# - MAIN ENTRY--PERSONAL NAME
Personal name Santrock, John W.
245 10 - TITLE STATEMENT
Title Your guide to college success :
Remainder of title strategies for achieving your goals /
Statement of responsibility, etc. John W. Santrock, Jane S. Halonen.
250 ## - EDITION STATEMENT
Edition statement 3rd ed.
260 ## - PUBLICATION, DISTRIBUTION, ETC.
Place of publication, distribution, etc. Belmont, CA :
Name of publisher, distributor, etc. Thomson/Wadsworth,
Date of publication, distribution, etc. c2004.
300 ## - PHYSICAL DESCRIPTION
Extent xxvi, 438, [6] p. :
Other physical details ill. ;
Dimensions 28 cm. +
Accompanying material 1 CD-ROM (4 3/4 in.)
650 #0 - SUBJECT ADDED ENTRY--TOPICAL TERM
Topical term or geographic name entry element College student orientation
Geographic subdivision United States
Form subdivision Handbooks, manuals, etc.
700 1# - ADDED ENTRY--PERSONAL NAME
Personal name Halonen, Jane S.
856 42 - ELECTRONIC LOCATION AND ACCESS
Materials specified Contributor biographical information
Uniform Resource Identifier <a href="http://www.loc.gov/catdir/enhancements/fy1514/2002114547-b.html">http://www.loc.gov/catdir/enhancements/fy1514/2002114547-b.html</a>
856 42 - ELECTRONIC LOCATION AND ACCESS
Materials specified Publisher description
Uniform Resource Identifier <a href="http://www.loc.gov/catdir/enhancements/fy1514/2002114547-d.html">http://www.loc.gov/catdir/enhancements/fy1514/2002114547-d.html</a>
856 41 - ELECTRONIC LOCATION AND ACCESS
Materials specified Table of contents only
Uniform Resource Identifier <a href="http://www.loc.gov/catdir/enhancements/fy1514/2002114547-t.html">http://www.loc.gov/catdir/enhancements/fy1514/2002114547-t.html</a>
942 ## - ADDED ENTRY ELEMENTS (KOHA)
Source of classification or shelving scheme Library of Congress Classification
Koha item type Books
Edition 3rd Ed.
Suppress in OPAC No
999 ## -
-- 5154
-- 5154
Holdings
Withdrawn status Lost status Source of classification or shelving scheme Damaged status Not for loan Collection Home library Current library Shelving location Date acquired Total checkouts Full call number Barcode Date last seen Copy number Price effective from Koha item type
    Library of Congress Classification     Non-fiction Business Library (Miotso) Business Library (Miotso) General stacks 03/24/2025   LB2343.32 .S26 2004 BSSM00001567 03/24/2025 1 03/24/2025 Books
© 2023-2024 Copyright: Central University Libraries. All Rights Reserved | Created by: Mahone Tech Office